000 00260nam a22000977a 4500
999 _c11310
_d11310
008 190208b ||||| |||| 00| 0 eng d
020 _a9780199134007
100 _aGallabger
_97051
245 _aPhysical Education
260 _aGreat Britain
_bOxford University Press